00354nam a22001457a 4500003001200000005001700012008004100029020000600070040001200076082001200088100002200100245004800122260001100170650002700181NUST - PNEC20170116181109.0151003b xxu||||| |||| 00| 0 eng d a- cLIBRARY a954 NEH aNehru, Jawaharlal aGlimpses of world historycJawaharlal Nehru cc.1991 aWorld HistoryxHistory